000 00467nam a2200181Ia 4500
008 230711s9999||||xx |||||||||||||| ||und||
020 _a978-93-5051-219-7
041 _aENG
082 _a658
_bSH-M
100 _aSherlekar,S.A
245 0 _aModern business organisation and management
250 _a5th Ed.
260 _c2012
_aMumbai
_bHimalaya Publishing House
300 _a623
650 _aUNIVESITY BUSNIESS SCHOOL
700 _aSherlekar,V.S
942 _cBK
999 _c5593
_d5593